| 000 | 00603nam a2200217Ia 4500 | ||
|---|---|---|---|
| 003 | GCL | ||
| 008 | 140319s9999 xx 000 0 ara d | ||
| 040 |
_aGCL / _cGCL |
||
| 082 | 0 | 4 |
_a370.712 _bج م |
| 100 | 1 | _aجماعة من اساتذة التربية | |
| 245 | 1 | 0 |
_aالمعلم والتربية / _cجماعة من اساتذة التربية |
| 300 | _a388 ص | ||
| 490 | _a | ||
| 650 | 0 | 4 | _aطرق التدريس |
| 650 | 0 | 4 | _aالتعليم |
| 650 | 0 | 4 | _aالمناهج |
| 650 | 0 | 4 | _aتعليم الكبار |
| 650 | 0 | 4 | _aالتعلم |
| 650 | 0 | 4 | _aالمدرسون |
| 942 |
_2ddc _cBK |
||
| 999 |
_c41462 _d41462 |
||